Statistics for Djibouti Country Quiz

Click here to take the quiz!

General Stats

  • This quiz has been taken 3,189 times
    (3,136 since last reset)
  • The average score is 14 of 18

Answer Stats

Hint Answer % Correct
Peninsula on which Djibouti is situated{Horn} of Africa
98%
Official religionIslam
97%
Bordering countriesEthiopia
97%
Asian country that is only 20 km away from DjiboutiYemen
97%
Bordering countriesEritrea
97%
Capital of DjiboutiDjibouti
96%
Bordering countriesSomalia
96%
Two bodies of water connected by that strait{Red} Sea
93%
Djibouti is unusual in that it hosts _____ bases from many different foreign
countries including the United States, Japan, China, and France
Military
90%
Official languagesArabic
90%
Official languagesFrench
88%
Empire Djibouti was part of from 1577–1867Ottoman Empire
75%
Only 0.09% of land in Djibouti is this, meaning it can be farmed
* the lowest percent of any country
Arable
71%
The shores of Lake Assal have the lowest ______ of any place on land in AfricaElevation
70%
Two bodies of water connected by that straitGulf of {Aden}
67%
Currency of DjiboutiDjiboutian {Franc}
67%
Strategic strait located between Djibouti and the aboveBab el-{Mandeb}
30%
Ancient kingdom said to exist around Djibouti before 1000 B.C.
* hint: starts with P
Land of {Punt}
28%

Score Distribution

Percentile by Number Answered

Percent of People with Each Score

Your Score History

You have not taken this quiz since the last reset